000 00606nam a2200253Ia 4500
008 210210b1995 xxu||||| |||| 00| 0 eng d
020 _a9780786881260
041 _aeng
082 _a158.4 JONJ
100 _aJONES (Laurie Beth)
245 _aJesus CEO: using ancient wisdom for visionary leadership
260 _aNew York
_bLaurie Beth Jones
_c1995
300 _axviii,316
650 _awisdom
650 _avisionary
650 _ausing
650 _aleadership
650 _aJesus
650 _afor
650 _aCEO:
650 _aancient
690 _aLeadership
906 _a072918
999 _c122854
_d122854